000 00397 a2200169 4500
001 49646
020 _a8526258494
040 _cAnchieta - Bela Vista
100 _aCarrascosa, João Anzenelo
240 1 0 _aO menino que furou o céu
_lpor
245 1 0 _aO menino que furou o céu
300 _a31
362 0 _a2005
440 1 _aScipione
650 4 _aLiteratura infanto-juvenil
942 _cBK
999 _c49646
_d49646